Responses for show #297 - Tuesday, October 29, 1985

Mark Leinwand game 4.

Contestants

Tory Metzger, a script reader originally from Raleigh, North Carolina

Stan Siegel, a design engineer originally from Brooklyn, New York

Mark Leinwand, an attorney and a businessman from Los Angeles, California (whose 3-day cash winnings total $31,700)

Jeopardy! Round responses

FURNITURE
INITIALS
THE BIBLE
FAMOUS NAMES
SPORT OF KINGS
ALL "THUMB"s
    $100 15
hutch

Stan
    $100 6
Society for the Prevention of Cruelty to Animals

Mark
    $100 21
fishes

Tory
    $100 3
Buffalo Bill (Cody)

Mark
    $100 12
Willie Shoemaker

Mark
    $100 1
thumbs down

Stan
    $200 17
(Mark: Insect bites)

wormholes

Mark
Triple Stumper
    $200 7
water closet

Mark
    $200 22
silver

Mark
    $200 4
Stradivarius

Mark
    $200 14
parimutuel

Mark
    $200 2
green thumb

Tory
    $400 18
grandfather clock

Tory
    $300 8
National Association for the Advancement of Colored People

Stan
    $300 23
lyre (or harp)

Tory
    $300 5
Catherine (the Great)

Mark
    $300 16
Kentucky Derby

Tory
    $300 10
under your thumb

Mark
    $400 19
(Stan: What are, uh, tables?)

United States

Stan
Triple Stumper
    $400 9
British thermal unit

Mark
    $400 24
(Mark: What is the Statue of Liberty?)

Florence Nightingale

MarkStan
    $400 25
(Stan: What is the Preakness?)

Belmont (Stakes)

StanTory
    $400 11
thumbprint

Tory
    $500 20
veneer

Triple Stumper
    $500 27
(Stan: What is the Brotherhood of Elks?)

Benevolent & Protective Order of the Elks

Stan
Triple Stumper
    $500 26
Little Jack Horner

Triple Stumper
    $500 28
Man o' War

Stan
    $500 13
(Tory: Oouhm, sorry don't know.)

biting the thumb

Tory
Triple Stumper

Scores at the first commercial break (after clue 15):

Mark Stan Tory
$1,900 $500 $100

Scores at the end of the Jeopardy! Round:

Mark Stan Tory
$1,500 $100 $1,600

Double Jeopardy! Round responses

AUTHORS
ECONOMICS
MOVIE TITLE PAIRS
WORLD CAPITALS
WAR LIKE WORDS
SONG BIRDS
    $200 4
Herman Melville

Triple Stumper
    $200 2
...
(Alex: 31 pounds for every man, woman & child in the U.S.)
(Mark: Wish I was hungry.)

cheese

Mark
    $200 7
Bonnie and Clyde

Mark
    $200 17
Dublin

Mark
    $200 1
stomach

Mark
    $200 26
Wild Goose

Stan
    $400 5
Emile Zola

Tory
    $400 3
David Stockman

Tory
    $400 8
Kramer vs. Kramer

Stan
    $500 18
Tunisia (or Algeria)

Mark
    $400 13
pass the ammunition

Mark
    $400 27
whippoorwill

Triple Stumper
    $600 6
Joel Chandler Harris

Triple Stumper
    $600 12
once

Stan
    $600 9
Melvin and Howard

Tory
    $600 19
Bucharest

Mark
    $600 14
Hearst

Mark
    $800 21
(John) Gunther

Mark
    $800 16
(Mark: Who is Samuelson?)
(Tory: Who is James Alexander?)

Milton Friedman

MarkTory
Triple Stumper
    $1,000 10
(Tory: )
(Tory said nothing.)

Dr. Jekyll and Mr. Hyde

Tory
    $800 20
Malaysia

Mark
    $800 15
Trafalgar

Mark
    $1000 24
his genius

Mark
    $1000 23
drive it out (of circulation)

Mark
    $1000 11
(Tory: Who are uh, oh, ... and Maude, uh?)

Micki & Maude

MarkTory
    $1000 25
Mozambique

Mark
    $1000 22
(Tory: Who is, uh, Sam Houston?)

Travis

Tory
Triple Stumper
    $1000 28
Great Speckled Bird

Triple Stumper

Scores at the end of the Double Jeopardy! Round:

Mark Stan Tory
$10,000 $1,300 -$800
(lock game)

[wagering suggestions for these scores]

Final Jeopardy! Round responses

U.S. GOVERNMENT
StanWho is the V.P
$1,299
MarkWho is the vice-president
$2,000
vice president

Final scores:

Mark Stan Tory
$12,000 $2,599 -$800
4-day champion: $43,700 2nd place: Panasonic VHS camera recorder & video cassettes 3rd place: Frigidaire electric range

Game dynamics:

Coryat scores:

Mark Stan Tory
$9,900 $1,300 $100
25 R
(including 1 DD),
3 W
8 R,
3 W
10 R
(including 1 DD),
5 W
(including 1 DD)

Combined Coryat: $11,300

The J! Archive is created by fans, for fans. The Jeopardy! game show and all elements thereof, including but not limited to copyright and trademark thereto, are the property of Jeopardy Productions, Inc. and are protected under law. This website is not affiliated with, sponsored by, or operated by Jeopardy Productions, Inc. Join the discussion at JBoard.tv.